EPL Top Scorers 2020/21 - Sudden Death - Statistics

General Stats
  • This quiz has been taken 29 times
  • The average score is 3 of 7
Answers on the Grid
Answers color-coded by a green-red scale on the quiz's grid according to % correct below.
Harry Kane
Mohamed Salah
Bruno Fernandes
Son Heung-Min
Patrick Bamford
Dominic Calvert-Lewin
Jamie Vardy
Ollie Watkins
Ilkay Gündogan
Alexandre Lacazette
Callum Wilson
Danny Ings
Chris Wood
Kelechi Iheanacho
Marcus Rashford
Sadio Mané
Gareth Bale
Raheem Sterling
Michail Antonio
Pierre-Emerick Aubameyang
Edinson Cavani
Christian Benteke
Nicholas Pépé
Roberto Firmino
Riyadh Mahrez
Phil Foden
Gabriel Jesus
Diogo Jota
Jarrod Bowen
Kevin De Bruyne
 
Answer Stats
Answer % Correct
23 Harry Kane
64%
22 Mohamed Salah
64%
17 Son Heung-Min
45%
15 Jamie Vardy
41%
18 Bruno Fernandes
36%
17 Patrick Bamford
23%
16 Dominic Calvert-Lewin
18%
No matching quizzes found
Score Distribution
Percent of People with Each Score
Percentile by Number Answered
Your Score History
You have not taken this quiz